Statistics for Periodic Table of Elements in Order

Click here to take the quiz!

General Stats

  • This quiz has been taken 15 times
  • The average score is 52 of 118

Answer Stats

#SymbolElement% Correct
2HeHelium
100%
1HHydrogen
93%
4BeBeryllium
79%
3LiLithium
79%
5BBoron
71%
6CCarbon
71%
8OOxygen
71%
9FFluorine
64%
10NeNeon
64%
7NNitrogen
64%
12MgMagnesium
57%
11NaSodium
57%
13AlAluminium
50%
51SbAntimony
50%
18ArArgon
50%
33AsArsenic
50%
56BaBarium
50%
35BrBromine
50%
48CdCadmium
50%
20CaCalcium
50%
17ClChlorine
50%
27CoCobalt
50%
29CuCopper
50%
53IIodine
50%
26FeIron
50%
36KrKrypton
50%
25MnManganese
50%
28NiNickel
50%
15PPhosphorus
50%
19KPotassium
50%
21ScScandium
50%
14SiSilicon
50%
47AgSilver
50%
38SrStrontium
50%
16SSulfur
50%
50SnTin
50%
22TiTitanium
50%
30ZnZinc
50%
40ZrZirconium
50%
89AcActinium
43%
95AmAmericium
43%
85AtAstatine
43%
97BkBerkelium
43%
83BiBismuth
43%
107BhBohrium
43%
58CeCerium
43%
55CsCesium
43%
24CrChromium
43%
31GaGallium
43%
32GeGermanium
43%
79AuGold
43%
49InIndium
43%
57LaLanthanum
43%
82PbLead
43%
42MoMolybdenum
43%
46PdPalladium
43%
78PtPlatinum
43%
88RaRadium
43%
86RnRadon
43%
45RhRhodium
43%
37RbRubidium
43%
44RuRuthenium
43%
34SeSelenium
43%
43TcTechnetium
43%
52TeTellurium
43%
92UUranium
43%
23VVanadium
43%
54XeXenon
43%
39YYttrium
43%
98CfCalifornium
36%
112CnCopernicium
36%
96CmCurium
36%
110DsDarmstadtium
36%
105DbDubnium
36%
66DyDysprosium
36%
68ErErbium
36%
114FlFlerovium
36%
87FrFrancium
36%
108HsHassium
36%
77IrIridium
36%
103LrLawrencium
36%
116LvLivermorium
36%
71LuLutetium
36%
109MtMeitnerium
36%
101MdMendelevium
36%
80HgMercury
36%
115McMoscovium
36%
93NpNeptunium
36%
113NhNihonium
36%
41NbNiobium
36%
102NoNobelium
36%
118OgOganesson
36%
76OsOsmium
36%
94PuPlutonium
36%
59PrPraseodymium
36%
91PaProtactinium
36%
75ReRhenium
36%
111RgRoentgenium
36%
104RfRutherfordium
36%
106SgSeaborgium
36%
73TaTantalum
36%
117TsTennessine
36%
65TbTerbium
36%
81TlThallium
36%
90ThThorium
36%
69TmThulium
36%
74WTungsten
36%
70YbYtterbium
36%
99EsEinsteinium
29%
63EuEuropium
29%
100FmFermium
29%
64GdGadolinium
29%
72HfHafnium
29%
67HoHolmium
29%
60NdNeodymium
29%
84PoPolonium
29%
61PmPromethium
29%
62SmSamarium
29%

Score Distribution

Percentile by Number Answered

Percent of People with Each Score

Your Score History

You have not taken this quiz